|
|
|
|
| LEADER |
00000nab a2200000ua 4500 |
| 001 |
vtls010775684 |
| 003 |
SK-MaSNL |
| 005 |
20260303123410.0 |
| 008 |
230214s1948 xo |||||||||||||||||slo| |
| 035 |
|
|
|a (urnnbn)urn:nbn:sk:snk:ar-a03kal
|
| 035 |
|
|
|a (uuid)0e7292fa-357a-46d3-84fe-5d4993132b0f
|
| 035 |
|
|
|a urn:nbn:sk:snk-ab5bqv
|
| 040 |
|
|
|a SNKBUCL
|b slo
|c SNKBUCL
|e AACR2
|
| 041 |
0 |
|
|a slo
|
| 044 |
|
|
|a xo
|c SK
|
| 100 |
1 |
|
|a Dosedla, Jozef,
|d 1909-1983
|4 aut
|9 163960
|
| 245 |
1 |
0 |
|a Príspevok k stálemu vzrastu a etiologii ektopickej tehotnosti
|c Jozef Dosedla
|
| 773 |
0 |
|
|t Bratislavské lekárske listy
|g Roč. 28, č. 10 (1948), s. 773-782
|
| 954 |
|
|
|a odborná, vedecká literatúra pôvodná (slovenská)
|2 lita
|
| 958 |
|
|
|a OND
|
| 958 |
|
|
|a EUIPO
|
| 958 |
|
|
|a article3
|
| 999 |
|
|
|c 1925691
|d 1927621
|